[Event "AUT-ch Vor4 Internet"]
[Site "Playchess.com INT"]
[Date "2020.04.25"]
[Round "8"]
[White "Maister, Dieter"]
[Black "Keim, Philipp"]
[Result "0-1"]
[WhiteElo "1851"]
[BlackElo "1919"]
[PlyCount "44"]
[EventDate "2020.04.25"]
[EventType "swiss (blitz)"]
[EventRounds "9"]
[EventCountry "AUT"]
[SourceTitle "EXT 2021"]
[Source "ChessBase"]
[SourceDate "2020.10.23"]
[SourceVersion "1"]
[SourceVersionDate "2020.10.23"]
[SourceQuality "1"]

1. e4 c6 2. d4 d5 3. e5 Bf5 4. g4 Bc8 5. Bd3 e6 6. c3 Ne7 7. Nf3 Nd7 8. 0-0 c5 9. Nbd2 Ng6 10. Bc2 Be7 11. Re1 0-0 12. Nf1 b5 13. Kg2 f6 14. exf6 Nxf6 15. Bxg6 hxg6 16. h3 Qd6 17. Ne5 g5 18. Bxg5 Ne4 19. Be3 Bh4 20. Ng3 Rf6 21. Qc2 Bb7 22. Re2 Raf8 0-1

[Event "AUT-ch Vor4 Internet"]
[Site "Playchess.com INT"]
[Date "2020.04.25"]
[Round "3"]
[White "Maister, Dieter"]
[Black "Schwarz, Benedikt"]
[Result "1-0"]
[WhiteElo "1851"]
[BlackElo "1815"]
[PlyCount "61"]
[EventDate "2020.04.25"]
[EventType "swiss (blitz)"]
[EventRounds "9"]
[EventCountry "AUT"]
[SourceTitle "EXT 2021"]
[Source "ChessBase"]
[SourceDate "2020.10.23"]
[SourceVersion "1"]
[SourceVersionDate "2020.10.23"]
[SourceQuality "1"]

1. e4 e6 2. d4 d5 3. Nc3 Nf6 4. exd5 exd5 5. Nf3 c6 6. h3 Be7 7. Bd3 0-0 8. 0-0 Re8 9. Ne2 Ne4 10. Re1 Bf5 11. c3 Bg6 12. Nf4 Nf6 13. Nxg6 hxg6 14. Bg5 Ne4 15. Bxe4 Bxg5 16. Bd3 Bf6 17. Qb3 b6 18. a4 Nd7 19. Nh2 Qc7 20. Ng4 Qd6 21. Qc2 c5 22. dxc5 bxc5 23. Be2 Ne5 24. Nxf6+ Qxf6 25. Rad1 Rad8 26. Bb5 Re7 27. Qb3 d4 28. cxd4 cxd4 29. Bd3 Nxd3 30. Qxd3 Qb6 31. Rxe7 1-0

[Event "AUT-ch Vor4 Internet"]
[Site "Playchess.com INT"]
[Date "2020.04.25"]
[Round "4"]
[White "Ulmer, Hanno"]
[Black "Maister, Dieter"]
[Result "0-1"]
[WhiteElo "2082"]
[BlackElo "1851"]
[PlyCount "88"]
[EventDate "2020.04.25"]
[EventType "swiss (blitz)"]
[EventRounds "9"]
[EventCountry "AUT"]
[SourceTitle "EXT 2021"]
[Source "ChessBase"]
[SourceDate "2020.10.23"]
[SourceVersion "1"]
[SourceVersionDate "2020.10.23"]
[SourceQuality "1"]

1. e4 c6 2. d3 d5 3. Nd2 e5 4. c3 Nf6 5. Qc2 Nbd7 6. Ngf3 Bc5 7. Be2 0-0 8. 0-0 a6 9. b4 Ba7 10. a4 Re8 11. h3 Nf8 12. c4 Ng6 13. c5 Be6 14. Re1 Rc8 15. Nf1 Bb8 16. Ng3 Qd7 17. Bf1 Rcd8 18. Ng5 Qc7 19. Nxe6 Rxe6 20. Nf5 Qd7 21. Bg5 h6 22. Bxf6 Rxf6 23. g3 Bc7 24. Bg2 Ne7 25. Ne3 d4 26. Ng4 Rg6 27. Qe2 Kh7 28. Kh2 Rf8 29. Rf1 Qe6 30. f3 f6 31. Nf2 f5 32. h4 Rf7 33. Bh3 Rgf6 34. exf5 Nxf5 35. Bxf5+ Qxf5 36. Ne4 Rg6 37. Rf2 Qh5 38. Raf1 Rf8 39. Nd2 Rgf6 40. Qe4+ Kh8 41. Nc4 g5 42. Nxe5 gxh4 43. f4 hxg3+ 44. Kxg3 Rg8+ 0-1

[Event "AUT-ch Vor3 Internet"]
[Site "Playchess.com INT"]
[Date "2020.04.17"]
[Round "1"]
[White "Maister, Dieter"]
[Black "Stolzlechner, Thomas"]
[Result "0-1"]
[WhiteElo "1851"]
[BlackElo "2037"]
[PlyCount "102"]
[EventDate "2020.04.17"]
[EventType "swiss (blitz)"]
[EventRounds "9"]
[EventCountry "AUT"]
[SourceTitle "CBM 195 Extra"]
[Source "ChessBase"]
[SourceDate "2020.05.31"]
[SourceVersion "1"]
[SourceVersionDate "2020.05.31"]
[SourceQuality "1"]

1. e4 e5 2. Nf3 Nc6 3. Bc4 Nf6 4. Ng5 d5 5. exd5 Na5 6. Bb5+ c6 7. dxc6 bxc6 8. Qf3 Be7 9. Ba4 h6 10. Ne4 0-0 11. Nbc3 Nd5 12. d3 Nb6 13. Bb3 Nxb3 14. axb3 f5 15. Ng3 Nd5 16. 0-0 Nb4 17. Qe2 Bf6 18. Re1 a5 19. Na2 Ba6 20. Nxb4 axb4 21. Nxf5 Bxd3 22. cxd3 Rxa1 23. Qg4 Qc8 24. Nxh6+ Kh7 25. Nf5 g6 26. Qh3+ Kg8 27. Nh6+ Kg7 28. Qg3 Rxc1 29. Rxc1 Kxh6 30. h3 Qf5 31. Rxc6 Bg5 32. Rc5 Qf4 33. Rxe5 Qc1+ 34. Kh2 Bf4 35. Re4 Bxg3+ 36. fxg3 Qxb2 37. Rxb4 Rd8 38. d4 Qb1 39. Rb7 Qd3 40. b4 Rxd4 41. b5 Qb3 42. b6 Rb4 43. Rb8 Rxb6 44. Rc8 Qb2 45. Rc7 Rd6 46. h4 Rd2 47. Kh3 Rxg2 48. Kg4 Qd4+ 49. Kh3 Qf2 50. Rc3 Rh2+ 51. Kg4 Qf5# 0-1

[Event "AUT-ch Vor2 Internet"]
[Site "Playchess.com INT"]
[Date "2020.04.13"]
[Round "2"]
[White "Koglbauer, Uwe"]
[Black "Maister, Dieter"]
[Result "1-0"]
[WhiteElo "1666"]
[BlackElo "1851"]
[PlyCount "53"]
[EventDate "2020.04.13"]
[EventType "swiss (blitz)"]
[EventRounds "9"]
[EventCountry "AUT"]
[SourceTitle "CBM 195 Extra"]
[Source "ChessBase"]
[SourceDate "2020.05.31"]
[SourceVersion "1"]
[SourceVersionDate "2020.05.31"]
[SourceQuality "1"]

1. e4 c6 2. d4 d5 3. exd5 cxd5 4. c4 Nc6 5. Nc3 dxc4 6. Nf3 e6 7. Bxc4 Nf6 8. h3 Be7 9. Be3 0-0 10. Qd2 a6 11. a4 Bd7 12. Rb1 Rc8 13. Bd3 Bb4 14. 0-0 Ne7 15. Rfc1 Bxa4 16. Qe2 Bc6 17. Ne5 Ned5 18. Bg5 Be7 19. Nxd5 Bxd5 20. f4 Nd7 21. Qh5 g6 22. Nxg6 f5 23. Nxe7+ Kh8 24. Rxc8 Qxc8 25. Nxc8 Rxc8 26. Qf7 Nf8 27. Bf6# 1-0

[Event "AUT-ch Vor2 Internet"]
[Site "Playchess.com INT"]
[Date "2020.04.13"]
[Round "3"]
[White "Maister, Dieter"]
[Black "Dilly, Julian"]
[Result "1-0"]
[WhiteElo "1851"]
[BlackElo "1502"]
[PlyCount "71"]
[EventDate "2020.04.13"]
[EventType "swiss (blitz)"]
[EventRounds "9"]
[EventCountry "AUT"]
[SourceTitle "CBM 195 Extra"]
[Source "ChessBase"]
[SourceDate "2020.05.31"]
[SourceVersion "1"]
[SourceVersionDate "2020.05.31"]
[SourceQuality "1"]

1. e4 c5 2. Nf3 g6 3. d4 cxd4 4. Qxd4 Nf6 5. e5 Nc6 6. Qc3 Nd5 7. Qb3 e6 8. Nc3 Nxc3 9. bxc3 Bg7 10. Bf4 0-0 11. Bb5 Qc7 12. Bxc6 bxc6 13. 0-0 Rb8 14. Qa3 a5 15. Rab1 Ba6 16. Rfd1 Rxb1 17. Rxb1 Be2 18. Qc5 Bb5 19. Nd4 Qb7 20. c4 Qa6 21. cxb5 cxb5 22. Qxb5 Qa7 23. Qb6 Qa8 24. g3 Rc8 25. Qb7 Qxb7 26. Rxb7 d6 27. Rb5 dxe5 28. Bxe5 Bxe5 29. Rxe5 Rc4 30. Nf3 Rxc2 31. Rxa5 Rc1+ 32. Kg2 Kg7 33. Ra7 Ra1 34. Ne5 Kf6 35. f4 Rb1 36. Rxf7# 1-0

[Event "AUT-ch Vor2 Internet"]
[Site "Playchess.com INT"]
[Date "2020.04.13"]
[Round "6"]
[White "Maister, Dieter"]
[Black "Schroettner, Martin"]
[Result "1-0"]
[WhiteElo "1851"]
[BlackElo "1934"]
[PlyCount "87"]
[EventDate "2020.04.13"]
[EventType "swiss (blitz)"]
[EventRounds "9"]
[EventCountry "AUT"]
[SourceTitle "CBM 195 Extra"]
[Source "ChessBase"]
[SourceDate "2020.05.31"]
[SourceVersion "1"]
[SourceVersionDate "2020.05.31"]
[SourceQuality "1"]

1. e4 c6 2. Nf3 d5 3. exd5 cxd5 4. d4 Nc6 5. h3 Nf6 6. Bd3 a6 7. c3 e6 8. 0-0 Be7 9. Re1 Bd7 10. Nbd2 h6 11. Nf1 Rb8 12. Bf4 Rc8 13. Qd2 Nh5 14. Bh2 b5 15. a3 Na5 16. Rad1 Nc4 17. Qe2 Nf6 18. Ne5 0-0 19. Bb1 a5 20. Qc2 b4 21. Ng4 g6 22. Nxh6+ Kg7 23. Ng4 bxc3 24. bxc3 Nxa3 25. Qd2 Rh8 26. Be5 Ba4 27. Rc1 Nc4 28. Qf4 Nxe5 29. Nxe5 Ba3 30. Ng3 Bxc1 31. Rxc1 Be8 32. Bd3 Nh5 33. Qf3 Nxg3 34. fxg3 Qf6 35. Qe3 Qe7 36. Ra1 Rxc3 37. Rxa5 Ra3 38. Rxa3 Qxa3 39. Qf2 Qa7 40. Kh2 Rf8 41. Qf4 f6 42. Ng4 Qe7 43. Qh6+ Kf7 44. Qh7# 1-0

[Event "AUT-ch Vor1 Internet"]
[Site "Playchess.com INT"]
[Date "2020.04.11"]
[Round "6"]
[White "Maister, Dieter"]
[Black "Kainz, Josef"]
[Result "1-0"]
[WhiteElo "1851"]
[BlackElo "2005"]
[PlyCount "57"]
[EventDate "2020.04.11"]
[EventType "swiss (blitz)"]
[EventRounds "9"]
[EventCountry "AUT"]
[SourceTitle "CBM 195 Extra"]
[Source "ChessBase"]
[SourceDate "2020.05.31"]
[SourceVersion "1"]
[SourceVersionDate "2020.05.31"]
[SourceQuality "1"]

1. e4 c5 2. Nf3 Nc6 3. d4 cxd4 4. c3 Nf6 5. e5 Nd5 6. cxd4 e6 7. Nc3 Nxc3 8. bxc3 d5 9. Bd3 Be7 10. h4 Qc7 11. h5 h6 12. 0-0 Bd7 13. Rb1 0-0-0 14. a4 Na5 15. Bd2 Kb8 16. Qc2 g5 17. Rb2 g4 18. Ne1 Rdg8 19. Ba6 Bg5 20. Be3 Bc6 21. Nd3 Ka8 22. Rfb1 bxa6 23. Nc5 Rb8 24. Nxa6 Rxb2 25. Nxc7+ Kb7 26. Qxb2+ Kxc7 27. Qb4 Be7 28. Qxe7+ Bd7 29. Qd6+ 1-0

[Event "AUT-ch Vor1 Internet"]
[Site "Playchess.com INT"]
[Date "2020.04.11"]
[Round "1"]
[White "Maister, Dieter"]
[Black "Kessler, Manuel"]
[Result "0-1"]
[WhiteElo "1851"]
[BlackElo "1731"]
[PlyCount "182"]
[EventDate "2020.04.11"]
[EventType "swiss (blitz)"]
[EventRounds "9"]
[EventCountry "AUT"]
[SourceTitle "CBM 195 Extra"]
[Source "ChessBase"]
[SourceDate "2020.05.31"]
[SourceVersion "1"]
[SourceVersionDate "2020.05.31"]
[SourceQuality "1"]

1. e4 c5 2. Nf3 e6 3. d4 cxd4 4. c3 d3 5. Bxd3 Nc6 6. 0-0 Nge7 7. Qe2 Ng6 8. Rd1 Be7 9. Nbd2 0-0 10. Nf1 Qc7 11. Bc4 Nce5 12. Bb3 d6 13. Ne3 Bd7 14. h3 Nf4 15. Qf1 Nxf3+ 16. gxf3 e5 17. Nf5 Bxf5 18. exf5 Qc6 19. Bxf4 exf4 20. Bd5 Qb6 21. Qe2 Bf6 22. Kh2 Rfe8 23. Qd2 Qb5 24. Re1 Qc5 25. Re4 Rxe4 26. fxe4 Be5 27. f3 Rb8 28. Rc1 b5 29. b3 Qe3 30. Qxe3 fxe3+ 31. Kg2 Bf4 32. Rc2 Rc8 33. Kf1 g6 34. fxg6 hxg6 35. Ke2 Kg7 36. Kd3 Rh8 37. Bc6 Rxh3 38. Bxb5 Rxf3 39. Re2 g5 40. Bd7 f6 41. c4 Kg6 42. b4 Kh5 43. a4 Rf2 44. a5 Rxe2 45. Kxe2 Kh4 46. Kf3 Be5 47. b5 Bd4 48. Bf5 Bc5 49. Be6 Kh5 50. Bg4+ Kg6 51. Ke2 Kf7 52. Kf3 Ke7 53. Ke2 Kd8 54. Kd3 Kc7 55. Ke2 Bb4 56. a6 Bc5 57. Kd3 Kb6 58. Ke2 Ka5 59. Kd3 Kb4 60. Be6 Kb3 61. Ke2 Kc3 62. Bd5 Bb6 63. Be6 Kd4 64. Bd5 Bc5 65. Kf3 Kd3 66. Be6 e2 67. Kg4 e1Q 68. Kf5 Qf2+ 69. Kg6 Qf4 70. Bf5 Qe5 71. Kh5 Qe8+ 72. Kg4 Qh8 73. Kf3 Qh1+ 74. Kg4 Qxe4+ 75. Bxe4+ Kxe4 76. Kg3 f5 77. Kg2 f4 78. Kf1 g4 79. Kg2 g3 80. Kf1 f3 81. b6 axb6 82. a7 g2+ 83. Ke1 g1Q+ 84. Kd2 Qe3+ 85. Kc2 Qa3 86. Kb1 Qxa7 87. Kc2 f2 88. Kd2 f1Q 89. Kc3 Qa3+ 90. Kc2 Qf2+ 91. Kb1 Qab2# 0-1

[Event "AUT-ch Vor1 Internet"]
[Site "Playchess.com INT"]
[Date "2020.04.11"]
[Round "8"]
[White "Maister, Dieter"]
[Black "Stolzlechner, Andreas"]
[Result "1-0"]
[WhiteElo "1851"]
[BlackElo "1835"]
[PlyCount "71"]
[EventDate "2020.04.11"]
[EventType "swiss (blitz)"]
[EventRounds "9"]
[EventCountry "AUT"]
[SourceTitle "CBM 195 Extra"]
[Source "ChessBase"]
[SourceDate "2020.05.31"]
[SourceVersion "1"]
[SourceVersionDate "2020.05.31"]
[SourceQuality "1"]

1. e4 e5 2. Nf3 Nc6 3. Bc4 Nf6 4. Ng5 d5 5. exd5 Na5 6. Bb5+ c6 7. dxc6 bxc6 8. Qf3 Be7 9. Ba4 0-0 10. Nc3 Bb7 11. d3 c5 12. Qh3 h6 13. Nge4 Nxe4 14. Nxe4 Bxe4 15. dxe4 Qd4 16. Bb3 Qxe4+ 17. Be3 c4 18. Ba4 c3 19. b3 Qxc2 20. 0-0 Ba3 21. Qg3 Qg6 22. Qxe5 Nb7 23. Qxc3 Rac8 24. Qd4 Bc5 25. Qd5 Bxe3 26. Qxb7 Bb6 27. Qf3 Rc5 28. Rad1 Rf5 29. Qh3 Qf6 30. Rd2 Rc8 31. Bd7 Rxf2 32. Rdxf2 Bxf2+ 33. Kh1 Rc2 34. Bf5 Rxa2 35. Bd3 Ra1 36. Qc8+ 1-0